000 00816nmm a2200265 a 4500
001 ocm0001221679
003 TR-IsHL
005 20201028154800.0
008 131219s2012 tu tur
007 cr cn
020 _a9786055646783
035 _a1221679
_b(N$T)
050 0 4 _aPL248.B55
_bS55 2012
090 0 4 _aPL248.B55
_bS55 2012
100 1 _aBilek, Cennet
245 1 0 _aSilvan'da ağıt
_h[electronic resource] /
_cCennet Bilek
260 _aİstanbul :
_bSiyah Beyaz,
_c2012
300 _a304 p.
650 4 _aDil ve Edebiyat
650 4 _aLanguage and Literature
650 0 _aAnı, Türk
650 0 _aMemories, Turkish
650 7 _aLITERARY COLLECTIONS / Middle Eastern
_2bisacsh
856 4 0 _uhttp://search.ebscohost.com/login.aspx?direct=true&scope=site&db=e011xww&AN=1221679
999 _c12752
_d12752